[Event "Ruhrgebiet Bezirksliga 16/17"]
[Site "Ruhrgebiet"]
[Date "2016.11.13"]
[Round "4.8"]
[White "Thormann, Hans"]
[Black "Jenke, Johannes"]
[Result "0-1"]
[WhiteElo "1587"]
[BlackElo "1654"]
[PlyCount "86"]
[EventDate "2016.08.28"]
[EventType "team-tourn"]
[EventRounds "11"]
[EventCountry "GER"]
[SourceTitle "EXT 2022"]
[Source "ChessBase"]
[SourceDate "2021.10.06"]
[SourceVersion "1"]
[SourceVersionDate "2021.10.06"]
[SourceQuality "1"]
[WhiteTeam "Boenen SV II"]
[BlackTeam "Werl SC 1981"]
[WhiteTeamCountry "GER"]
[BlackTeamCountry "GER"]

1. b4 e6 2. Bb2 Nf6 3. b5 b6 4. Nf3 Bb7 5. e3 d6 6. c4 c5 7. Be2 Be7 8. Nc3 Nbd7 9. Qc2 Qc7 10. 0-0 0-0 11. Rac1 Rac8 12. Rfd1 Rfd8 13. Ng5 h6 14. Nge4 Ne5 15. Nxf6+ Bxf6 16. Ba1 Ng6 17. Ne4 Bxa1 18. Rxa1 f5 19. Ng3 Qf7 20. Bh5 Qf6 21. Be2 f4 22. Ne4 Bxe4 23. Qxe4 d5 24. cxd5 exd5 25. Qa4 Rc7 26. Rac1 Qg5 27. g3 Rf8 28. h4 Qe5 29. h5 fxe3 30. dxe3 Rcf7 31. Rf1 Rxf2 32. Rxf2 Qxg3+ 33. Rg2 Qxe3+ 34. Kh2 Rf4 35. Rc4 dxc4 36. Bg4 Nh4 37. Rg3 Qf2+ 38. Kh3 Nf5 39. Bxf5 Rxf5 40. Qxc4+ Kf8 41. Qg4 Qf1+ 42. Rg2 Qh1+ 43. Kg3 Rg5 0-1

[Event "Ruhrgebiet VK3 0708"]
[Site "Germany"]
[Date "2008.04.06"]
[Round "8.7"]
[White "Ohm, Matthias"]
[Black "Thormann, Hans"]
[Result "1/2-1/2"]
[WhiteElo "1916"]
[BlackElo "1619"]
[PlyCount "42"]
[EventDate "2007.09.16"]
[EventType "team-tourn"]
[EventRounds "9"]
[EventCountry "GER"]
[SourceTitle "EXT 2009"]
[Source "ChessBase"]
[SourceDate "2008.11.26"]
[SourceVersion "1"]
[SourceVersionDate "2008.11.26"]
[SourceQuality "1"]
[WhiteTeam "Dortmund FS 98"]
[BlackTeam "Boenen SV"]
[WhiteTeamCountry "GER"]
[BlackTeamCountry "GER"]

1. Nc3 e6 2. e4 c5 3. Nf3 Nc6 4. Be2 Nf6 5. 0-0 d6 6. d4 cxd4 7. Nxd4 Be7 8. Be3 0-0 9. f4 Qa5 10. Qe1 Rd8 11. Qg3 Nxd4 12. Bxd4 Bd7 13. Bd3 Qh5 14. Rae1 Ne8 15. Qf2 b6 16. Re3 e5 17. fxe5 dxe5 18. Bxe5 Bc5 19. Bg3 Nf6 20. Be2 Bg4 21. Kh1 Rd2 1/2-1/2